• 首页
  • 本馆介绍
  • 公告通知
  • 最新文献
  • 馆藏检索
  • 电子资源
  • 读者导购
  • 参考咨询
  • 我的图书馆
  • 登录
  • 详细信息显示
  • 放入我的书架
  • 预约/预借图书
  • 作者相关作品
  • 分类相关作品
  • 丛书相关作品
  • 出版社相关作品

书目信息

  • 表格格式
  • 工作单格式
  • 卡片格式
题名:
分数傅里叶光学导论
    
 
作者: 冉启文 , 谭立英 著
分册:  
出版信息: 北京   科学出版社  2004
页数: 297页
开本: 21cm
丛书名:
单 册:
中图分类: O438.2
科图分类:
主题词: 傅里叶光学
电子资源:
ISBN: 7-03-012367-0
000 00845nam0 2200265 45
001 0900000029724
005 20051115151401.76
010    @a7-03-012367-0@dCNY25.00
092    @aCN
100    @a20050420d2004 ekmy0chiy0120 ea
101 0  @achi
102    @aCN@b110000
105    @ay az 000yy
200 1  @a分数傅里叶光学导论@9fen shu fu li ye guang xue dao lun@f冉启文,谭立英著@Fran qi wen,tan li ying zhu
210    @a北京@c科学出版社@d2004
215    @a297页@d21cm
320    @a有书目
330    @a本书由分数傅里叶变换基本理论和分数傅里叶光学组成,内容包括:分数傅里叶变换、分数傅里叶变换的多样性、分数傅里叶置换矩阵等。
606 0  @a傅里叶光学
690    @aO438.2@v4
701  0 @a冉启文@Aran qi wen@4著
701  0 @a谭立英@Atan li ying@4著
801  0 @aCN@bCXYBOOK@c20051115
905    @a10447@dO438.2@e32
999    @aAFJ@eJDD
    
    分数傅里叶光学导论/冉启文,谭立英著.-北京:科学出版社,2004
    297页;21cm
    
    
    ISBN 7-03-012367-0:CNY25.00
    本书由分数傅里叶变换基本理论和分数傅里叶光学组成,内容包括:分数傅里叶变换、分数傅里叶变换的多样性、分数傅里叶置换矩阵等。
●
相关链接 在E读中查询图书 在五车中查询图书 在当当中查询图书 在豆瓣中查询图书


正题名:分数傅里叶光学导论     索取号:O438.2/32         预约/预借

序号 登录号 条形码 馆藏地/架位号 状态 备注
1 0367803   203678038   第二样本阅览室/ [索取号:O438.2/32] 在馆    
2 0367804   203678047   第三借阅区/ [索取号:O438.2/32] 在馆    
唐山师范学院图书馆 欢迎您!
大连网信软件有限公司© 版权所有